00669cam a2200193 i 4500003000400000005001700004008004100021020001500062040000900077082001600086100002100102245008000123260005000203300002400253504005100277942001500328999001500343952011700358OSt20260512151522.0800227s1980 enk b 001 0 eng  a0521235189 cIRDP00a320.947 BIA1 aBialer, Seweryn.10aStalin's successors:bleadership, stability, and change in the Soviet Union aNew York:bCambridge University Press,c1980. av, 312 p. ;c24 cm. aIncludes bibliographical references and index. 2ddccBOOKS c9774d9774 00102ddc4070a1000b1000cGround Floor d2026-05-12l0o320.947 BIApLIB003611r2026-05-12w2026-05-12yBOOKS